Better homes, greener cities (Record no. 105260)

MARC details
000 -LEADER
fixed length control field 01311cam a2200217 4500
001 - CONTROL NUMBER
control field ##L132859
008 - FIXED-LENGTH DATA ELEMENTS--GENERAL INFORMATION
fixed length control field 060314n2006 000 0 eng u
020 ## - INTERNATIONAL STANDARD BOOK NUMBER
International Standard Book Number 0955190916
035 ## - SYSTEM CONTROL NUMBER
System control number (Sirsi) u132859
041 0# - LANGUAGE CODE
Language code of text/sound track or separate title eng
050 04 - LIBRARY OF CONGRESS CALL NUMBER
Classification number 306.025 $2 18
100 1# - MAIN ENTRY--PERSONAL NAME
Personal name Evans, Alan W.
245 00 - TITLE STATEMENT
Title Better homes, greener cities
260 ## - PUBLICATION, DISTRIBUTION, ETC.
Place of publication, distribution, etc. London
Name of publisher, distributor, etc. Policy Exchange
Date of publication, distribution, etc. 2006
520 ## - SUMMARY, ETC.
Summary, etc. This final report in Policy Exchange's series on housing (see L131157) proposes that too few houses are being built in Britain because local communities have no incentives to support new development. Key proposals in the report include: allowing local authorities to retain more tax receipts arising from new developments; encouraging them to attract new inhabitants to their areas; introducing a social cost tariff of £500 000 per hectare to compensate communities for the costs of development, and devolving all aspects of the planning system to local authorities apart from minimum building targets.
590 ## - LOCAL NOTE (RLIN)
Local note IKA140306
690 ## - LOCAL SUBJECT ADDED ENTRY--TOPICAL TERM (OCLC, RLIN)
Topical term or geographic name as entry element PROPERTY-RESIDENTIAL PROPERTY-RESIDENTIAL PROPERTY DEVELOPMENT
700 1# - ADDED ENTRY--PERSONAL NAME
Personal name Hartwich, Oliver Marc
856 40 - ELECTRONIC LOCATION AND ACCESS
Uniform Resource Identifier <a href="https://www.policyexchange.org.uk/images/publications/pdfs/Better_Homes__Greener_Cities.pdf">https://www.policyexchange.org.uk/images/publications/pdfs/Better_Homes__Greener_Cities.pdf</a>
Public note View the item free of charge at www.policyexchange.org.uk
942 ## - ADDED ENTRY ELEMENTS (KOHA)
Suppress in OPAC 0
Holdings
Withdrawn status Lost status Source of classification or shelving scheme Damaged status Not for loan Home library Current library Shelving location Date acquired Total Checkouts Full call number Barcode Date last seen Copy number Price effective from Koha item type
    Dewey Decimal Classification     Virtual Virtual Online 14/03/2006   ONLINE PUBLICATION 132859-2001 06/08/2019 1 06/08/2019 Book